000
00238 a2200097 4500
001
56802
100
_a
245
_a
Software defined radio; architectures, systems and functions
260
_a
England
_b
Wilay
_c
2003
090
_c
34886
_d
34886
942
_a
NUST-CAE
_c
_c
27653
999
_c
291875
_d
291875